| 000 | 00852nam a2200301 a 4500 | ||
|---|---|---|---|
| 003 | AR-BaBNM | ||
| 005 | 20251128204707.0 | ||
| 008 | 082120s2002 ||||||||||||||000 | spa|| | ||
| 020 | _a950-22-0238-4 | ||
| 040 | _cAR-BaBNM | ||
| 100 | 1 | _aSchafer, R. Murray | |
| 245 | 0 | 0 |
_aLimpieza de oídos _bnotas para un curso de música experimental |
| 250 | _a1ª ed. | ||
| 260 |
_aBuenos Aires _bRicordi _c1992 |
||
| 300 |
_a63 p. _bil. |
||
| 504 | _aBibliografía en español p. 61-62 | ||
| 504 | _aBibliografía en otros idiomas p. 63 | ||
| 650 | 4 | _aEDUCACION MUSICAL | |
| 650 | 4 | _aENSEÑANZA DE LA MUSICA | |
| 650 | 4 | _aACUSTICA | |
| 650 | 4 | _aRUIDO | |
| 650 | 4 | _aRITMO | |
| 650 | 4 | _aRECEPCION AUDITIVA | |
| 700 | 1 |
_aHemsy de Gainza, Violeta _eprologuista |
|
| 700 | 1 |
_aGainza, Ricardo Arturo de _etraductor |
|
| 942 | _cBK | ||
| 998 | _cCarmen | ||
| 999 |
_c8450 _d8450 |
||